Southville International School and Colleges
Your cart is empty.
  • Cart
  • Lists
    Public lists Eva Luna New books Lux_list list_1
    Your lists Log in to create your own lists
  • Log in to your account
  • Your cookies
  • Search history
Southville International School and Colleges
  • Advanced search
  • Recent comments
  • Most popular
  • Libraries

Log in to your account

Log in with GOOGLE


If you do not have an external account, but do have a local account, you can still log in:

  1. Home
  2. MARC view: Data structures & algorithm analysis in C++ /
Normal view MARC view ISBD view

Data structures & algorithm analysis in C++ / (Record no. 15363)

[ view plain ]
MARC details
000 -LEADER
fixed length control field 01144pam a2200325 a 4500
001 - CONTROL NUMBER
control field 4981577
003 - CONTROL NUMBER IDENTIFIER
control field OSt
005 - DATE AND TIME OF LATEST TRANSACTION
control field 20140310182723.0
008 - FIXED-LENGTH DATA ELEMENTS--GENERAL INFORMATION
fixed length control field 980804s1999 maua b 001 0 eng
010 ## - LIBRARY OF CONGRESS CONTROL NUMBER
LC control number 98040402
020 ## - INTERNATIONAL STANDARD BOOK NUMBER
International Standard Book Number 0321189965
040 ## - CATALOGING SOURCE
Original cataloging agency DLC
Transcribing agency DLC
Modifying agency DLC
050 00 - LIBRARY OF CONGRESS CALL NUMBER
Classification number QA 76.73.C153
Item number .W46 2003
100 1# - MAIN ENTRY--PERSONAL NAME
Personal name Weiss, Mark Allen.
245 10 - TITLE STATEMENT
Title Data structures & algorithm analysis in C++ /
Statement of responsibility, etc Mark Allen Weiss.
246 3# - VARYING FORM OF TITLE
Title proper/short title Data structures and algorithm analysis in C++
250 ## - EDITION STATEMENT
Edition statement 2nd ed.
260 ## - PUBLICATION, DISTRIBUTION, ETC. (IMPRINT)
Place of publication, distribution, etc Reading, Mass. :
Name of publisher, distributor, etc Addison Wesley,
Date of publication, distribution, etc 2003.
300 ## - PHYSICAL DESCRIPTION
Extent xviii, 588 p. :
Other physical details ill. ;
Dimensions 24 cm.
504 ## - BIBLIOGRAPHY, ETC. NOTE
Bibliography, etc Includes bibliographical references and index.
521 ## - TARGET AUDIENCE NOTE
Target audience note
562 ## - COPY AND VERSION IDENTIFICATION NOTE
Number of copies for circulation. 1 copy available in the collection
650 #0 - SUBJECT ADDED ENTRY--TOPICAL TERM
Topical term or geographic name as entry element C++ (Computer program language)
650 #0 - SUBJECT ADDED ENTRY--TOPICAL TERM
Topical term or geographic name as entry element Data structures (Computer science)
650 #0 - SUBJECT ADDED ENTRY--TOPICAL TERM
Topical term or geographic name as entry element Computer algorithms.
906 ## - LOCAL DATA ELEMENT F, LDF (RLIN)
a 7
b cbc
c orignew
d 1
e ocip
f 19
g y-gencatlg
942 ## - ADDED ENTRY ELEMENTS (KOHA)
Source of classification or shelving scheme Library of Congress Classification
Koha item type Books
Call number prefix Foreign
Holdings
Withdrawn status Lost status Source of classification or shelving scheme Damaged status Home library Current library Shelving location Date acquired Cost, normal purchase price Total Checkouts Full call number Barcode Date last seen Copy number Price effective from Koha item type
    Library of Congress Classification   College Library College Library General Circulation Section 07/20/2004 972.00   QA 76.73.C153 .W46 2003 C5093 05/15/2018 1 10/10/2013 Books

Data structures & algorithm analysis in C++ /

APA

Weiss M. A., . (2003). Data structures & algorithm analysis in C++. Reading, Mass: Addison Wesley.

Chicago

Weiss Mark Allen, . 2003. Data structures & algorithm analysis in C++. Reading, Mass: Addison Wesley.

Harvard

Weiss M. A., . (2003). Data structures & algorithm analysis in C++. Reading, Mass: Addison Wesley.

MLA

Weiss Mark Allen, . Data structures & algorithm analysis in C++. Reading, Mass: Addison Wesley. 2003.

  • Place hold
  • Print
  • Cite
  • Add to your cart (remove)
  • Save record
    BIBTEX Dublin Core MARCXML MARC (non-Unicode/MARC-8) MARC (Unicode/UTF-8) MARC (Unicode/UTF-8, Standard) MODS (XML) RIS
  • More searches
    Search for this title in:
    Other Libraries (WorldCat) Other Databases (Google Scholar) Online Stores (Bookfinder.com) Open Library (openlibrary.org)

Exporting to Dublin Core...

SOUTHVILLE LIBRARY

Southville International School and Colleges Library

1281 Tropical Ave. Cor. Luxembourg St., BF Homes International, Las Pinas City

Tel. No. 8256374 / 252358 Loc. 117/146

Powered by Koha